00545nam a2200181Ia 4500008004100000020001500041041000800056082001900064100002600083245004300109260002600152300000800178365001300186650003500199650005300234650005900287700001700346140306s9999 xx 000 0 und d a0275989895 aeng a338.04bMAR/EN aHabbershon, Timothy G aEntrepreneurship: The Engine of Growth aLondonbPraegerc2007 a332 bRs.850/- aEntrepreneurship as organizing aFinancing the high growth Entreprenurial Venture aPublic policy and enhancing Entrepreneurial Capitalism aRice, Mark P